Tribal population and chronic poverty in Orissa: a note on the north-south divide (Record no. 73622)

000 -LEADER
fixed length control field 00559pab a2200205 454500
008 - FIXED-LENGTH DATA ELEMENTS--GENERAL INFORMATION
fixed length control field 180718b2006 xxu||||| |||| 00| 0 eng d
100 ## - MAIN ENTRY--PERSONAL NAME
Personal name Padhi, Sakti
245 ## - TITLE STATEMENT
Title Tribal population and chronic poverty in Orissa: a note on the north-south divide
260 ## - PUBLICATION, DISTRIBUTION, ETC.
Date of publication, distribution, etc. 2006
300 ## - PHYSICAL DESCRIPTION
Extent p.81-90.
362 ## - DATES OF PUBLICATION AND/OR SEQUENTIAL DESIGNATION
Dates of publication and/or sequential designation Jul-Sep and Oct-Dec
650 ## - SUBJECT ADDED ENTRY--TOPICAL TERM
Topical term or geographic name entry element Tribes - India - Orissa
650 ## - SUBJECT ADDED ENTRY--TOPICAL TERM
Topical term or geographic name entry element Poverty - India - Orissa
650 ## - SUBJECT ADDED ENTRY--TOPICAL TERM
Topical term or geographic name entry element Poverty
700 ## - ADDED ENTRY--PERSONAL NAME
Personal name Mishra, Aswini Kumar
700 ## - ADDED ENTRY--PERSONAL NAME
Personal name Panigrahi, Nilakantha
773 ## - HOST ITEM ENTRY
Main entry heading Margin
908 ## - PUT COMMAND PARAMETER (RLIN)
Put command parameter N
909 ## -
-- 73622
Holdings
Withdrawn status Lost status Damaged status Not for loan Permanent Location Current Location Date acquired Serial Enumeration / chronology Barcode Date last seen Price effective from Koha item type
        Indian Institute of Public Administration Indian Institute of Public Administration 2018-07-19 Volume no: 38-39, Issue no: 4 & 1 AR74082 2018-07-19 2018-07-19 Articles

Powered by Koha